00632nam a2200181 a 450000100100000000500170001000800410002704000250006808200150009310000350010824501090014326000560025230000210030849000220032950400400035170000370039183000220042800002639820200930030213.0110316s1990 cu r 000 0 spa d aDO-SdBNPbspacBNPHU axxxbG643c1 aGonzález Valdés, América10aCómo propiciar la creatividad /cAmérica González Valdés ; edición Liliana Martínez Pérez. aLa Habana :bEditorial de Ciencias Sociales,c1990. a133 p. ;c19 cm.1 aCiencias sociales aIncluye bibliografía (p. 131-133)1 aMartínez Pérez, Lilianaeed. 0aCiencias sociales